Central Library OPAC University of Rajshahi

The Oxford geographical note-books for secondary schools / (Record no. 23408)

MARC details
000 -LEADER
fixed length control field 00651nam a22002053 4500
001 - CONTROL NUMBER
control field 23408
003 - CONTROL NUMBER IDENTIFIER
rucl marc code BD-RjUL
005 - DATE AND TIME OF LATEST TRANSACTION
control field 20211209000927.0
008 - FIXED-LENGTH DATA ELEMENTS--GENERAL INFORMATION
fixed length control field 140310r19531937enk 000 0 und d
035 ## - SYSTEM CONTROL NUMBER
System control number (BD-RjUL)23473
040 ## - CATALOGING SOURCE
Original cataloging agency EQO
Transcribing agency EQO
Language of cataloging eng
Modifying agency BD-RjUL
041 ## - LANGUAGE CODE
Language code of text/sound track or separate title eng
082 00 - DEWEY DECIMAL CLASSIFICATION NUMBER
Classification number 916
Author mark and year STO V-8 1953
100 1# - MAIN ENTRY--PERSONAL NAME
Personal name Stembridge, Jasper H.
Fuller form of name (Jasper Harry),
Dates associated with a name 1889-1969.
9 (RLIN) 68156
245 14 - TITLE STATEMENT
Title The Oxford geographical note-books for secondary schools /
Statement of responsibility, etc. Jasper H. Stembridge.
Number of part/section of a work No. VIII :
Name of part/section of a work world
260 ## - PUBLICATION, DISTRIBUTION, ETC. (IMPRINT)
Place of publication, distribution, etc. London :
Date of publication, distribution, etc. 1937 [Reprinted 1953].
Name of publisher, distributor, etc. Oxford U.P.,
300 ## - PHYSICAL DESCRIPTION
Pagination 56 p. :
Illustrations ill. ;
Size 28 cm.
650 #0 - SUBJECT ADDED ENTRY--TOPICAL TERM
Topical term or geographic name as entry element Geography.
9 (RLIN) 72102
942 ## - ADDED ENTRY ELEMENTS (KOHA)
Source of classification or shelving scheme Dewey Decimal Classification
Koha item type Books
Holdings
Lost status Source of classification or shelving scheme Damaged status Not for loan Collection code Permanent Location Current Location Shelving location Date acquired Source of acquisition Cost, normal purchase price Total Checkouts Full call number Date last seen Copy number Koha item type
  Dewey Decimal Classification   Added to bundle Non-fiction Central Library, University of Rajshahi Central Library, University of Rajshahi Reading Room 27/07/1955 O. U. P. 1.40   916 STO V-8 1953 10/03/2014 C-1 Books